
Library Catalogue

| 000 -LEADER | |
|---|---|
| fixed length control field | 01987nam a2200217Ia 4500 |
| 003 - CONTROL NUMBER IDENTIFIER | |
| control field | OSt |
| 005 - DATE AND TIME OF LATEST TRANSACTION | |
| control field | 20210601170044.0 |
| 008 - FIXED-LENGTH DATA ELEMENTS--GENERAL INFORMATION | |
| fixed length control field | 160316s1980 xxu||||| |||| 00| 0 eng d |
| 020 ## - INTERNATIONAL STANDARD BOOK NUMBER | |
| International Standard Book Number | 9780406176080 |
| 040 ## - CATALOGING SOURCE | |
| Transcribing agency | n |
| 082 ## - DEWEY DECIMAL CLASSIFICATION NUMBER | |
| Classification number | 340.300000 |
| Item number | DEN-2 |
| 100 ## - MAIN ENTRY--PERSONAL NAME | |
| Personal name | Denning Lord |
| 245 ## - TITLE STATEMENT | |
| Title | The due process of law |
| 260 ## - PUBLICATION, DISTRIBUTION, ETC. | |
| Place of publication, distribution, etc. | London |
| Name of publisher, distributor, etc. | Butterworths |
| Date of publication, distribution, etc. | 1980 |
| 300 ## - PHYSICAL DESCRIPTION | |
| Extent | 263p |
| Dimensions | xviii |
| 365 ## - TRADE PRICE | |
| Price amount | Rs. 250 |
| 505 ## - FORMATTED CONTENTS NOTE | |
| Formatted contents note | Content:<br/>PART ONE. ; <br/>Keeping the streams of justice pure and clean ; <br/>Introduction ; <br/>1. In the face of the Court ; <br/>2. The victimisation of witnesses ; <br/>3. Refusing to answer questions ; <br/>4. Scandalising the Court ; <br/>5. Disobedience to an order of the Court ; <br/>6. Prejudicing a fair trial ; <br/>Conclusion ; <br/>PART TWO. ; <br/>Inquiries into conduct ; <br/>Introduction ; <br/>1. Into the conduct of judges ; <br/>2. Into the conduct of ministers ; <br/>3. Into the conduct of directors ;<br/>4. Into the conduct of gaming clubs ; <br/>5. Into the conduct of aliens ; <br/>6. Into the delays of lawyers ; <br/>PART THREE. ; <br/>Arrest and Search ; <br/>Introduction ; <br/>1. Making an arrest ; <br/>2. Making a search ; <br/>3. New procedures ; <br/>PART FOUR. ; <br/>The Mareva injunction ; <br/>Introduction ; <br/>1. We introduce the process ; <br/>2. We are reversed ; <br/>PART FIVE. ; <br/>Entrances and exits ; <br/>Introduction ; <br/>1. The common law about aliens ; <br/>2. Commonwealth citizens ; <br/>3. Exits ; <br/>PART SIX. ; <br/>Ventures into Family Law ; <br/>1. How I learned the trade ; <br/>2. The story of emancipation ; <br/>PART SEVEN. ; <br/>The deserted wife's equity ; Introduction ; <br/>1. Invoking Section 17 of the 1882 Act ; <br/>2. Invoking the aid of equity ; <br/>3. The Lords triumphant ; <br/>4. Lady Summerskill takes charge ; <br/>PART EIGHT. ; <br/>The wife's share in the home ; <br/>1. The judges introduce it ; <br/>2. The wide principle of fairness ; <br/>3. The trust concept ; <br/>4. Where there is no financial contribution ; <br/>Conclusion ; <br/>Epilogue ; <br/>Index |
| 650 ## - SUBJECT ADDED ENTRY--TOPICAL TERM | |
| Topical term or geographic name entry element | 1.Law Reform |
| 700 ## - ADDED ENTRY--PERSONAL NAME | |
| Personal name | |
| -- | |
| 942 ## - ADDED ENTRY ELEMENTS (KOHA) | |
| Source of classification or shelving scheme | Dewey Decimal Classification |
| Koha item type | BOOKs |
| Withdrawn status | Lost status | Damaged status | Not for loan | Home library | Current library | Shelving location | Date acquired | Cost, normal purchase price | Total Checkouts | Full call number | Barcode | Date last seen | Date last checked out | Price effective from | Koha item type |
|---|---|---|---|---|---|---|---|---|---|---|---|---|---|---|---|
| . | . | 30.05.2017 | 250.00 | 1 | 340.3 DEN-2 | 29577 | 26.08.2024 | 26.08.2024 | 30.05.2017 | BOOKs |